[Event "SVK-ch U16"]
[Site "Liptovsky Mikulas"]
[Date "2016.04.16"]
[Round "1"]
[White "Rusnak, Patrik"]
[Black "Michel, Norbert"]
[Result "0-1"]
[WhiteElo "1504"]
[BlackElo "1935"]
[PlyCount "60"]
[EventDate "2016.04.16"]
[EventType "swiss"]
[EventRounds "9"]
[EventCountry "SVK"]
[SourceTitle "CBM 172 Extra"]
[Source "ChessBase"]
[SourceDate "2016.06.21"]
[SourceVersion "1"]
[SourceVersionDate "2016.06.21"]
[SourceQuality "1"]

1. e4 c5 2. Nf3 Nc6 3. d4 cxd4 4. Nxd4 g6 5. Nc3 Bg7 6. Be3 Nf6 7. Bb5 0-0 8. 0-0 a6 9. Ba4 Qc7 10. f4 d6 11. f5 Ne5 12. h3 Nc4 13. Qc1 Nxe3 14. Qxe3 Qc5 15. Qd2 Nxe4 16. Nxe4 Qxd4+ 17. Qxd4 Bxd4+ 18. Kh1 Bxf5 19. Ng5 Bxb2 20. Rab1 Bf6 21. Nf3 b5 22. Bb3 Rac8 23. Ne1 Rc3 24. Rf3 Rxf3 25. Nxf3 Rc8 26. Rc1 a5 27. c3 Rxc3 28. Rxc3 Bxc3 29. Ng5 e6 30. g4 Bd3 0-1